[Event "Dortmund SuperGM 26th"]
[Site "Dortmund"]
[Date "1998.06.27"]
[Round "2"]
[White "Ivanchuk, Vassily"]
[Black "Shirov, Alexei"]
[Result "1-0"]
[WhiteElo "2740"]
[BlackElo "2710"]
[Annotator "Lukacs,P"]
[PlyCount "95"]
[EventDate "1998.06.26"]
[EventType "tourn"]
[EventRounds "9"]
[EventCountry "GER"]
[EventCategory "18"]
[SourceTitle "CBM 066"]
[Source "ChessBase"]
[SourceDate "1998.09.30"]
[SourceVersion "1"]
[SourceVersionDate "1998.09.30"]
[SourceQuality "1"]

1. e4 {Blatny,P Ftacnik} e5 2. Nf3 Nf6 3. d4 Nxe4 4. Nxe5 d6 5. Nf3 d5 6. Bd3
Nc6 7. O-O Be7 8. Re1 Bg4 9. c3 f5 10. Nbd2 O-O (10... Qd6 {see Leko-Jussupow
here in CBM 66.}) 11. Qb3 {This line connected with the P grab is not highly
evaluated amongst the theoreticians. This game doesn't change the picture
either. Black has a very strong attack on the >>, and it is surprising that
Ivanchuk had the courage to play it against one of the best attacking player
of the world!} Kh8 (11... Na5 $5 {Blatny,P} 12. Qa4 Nc6 13. Qb3 Na5 14. Qa4 Nc6
15. Bb5 Nxd2 (15... Rf6 16. Bxc6 Rxc6 17. Ne5 Ra6 18. Qc2 Bh5 19. f3 $14) 16.
Nxd2 Qd6 17. Nb3 f4 18. Nc5 Qg6 19. Bd3 $1 (19. Nxb7 $6 Bf3 $1 (19... Bh3 $2
20. g3 fxg3 21. fxg3 (21. hxg3 Qf6 22. Bf4 $16) 21... Qf5 22. Bf4 g5 23. Bxc6
gxf4 24. Re5 Qf6 25. Bxd5+ Kh8 26. Qc2 Qg7 27. Qd3 $18) 20. g3 fxg3 21. fxg3
Bh4 $40) 19... Bf5 20. Bxf5 Rxf5 21. f3 $1 $11 {Yudasin-Khalifman,A/Simferopol
1988}) 12. Qxb7 Rf6 (12... Nxd2 $2 {Blatny,P} 13. Bxd2 Bxf3 14. Qxc6 Rf6 15.
Re6 Be4 16. Rxf6 Bxf6 17. Bxe4 fxe4 18. Bf4 $18 {Garbisu,U-Abell,F/ESP-chJ 1992
}) 13. Qb5 (13. Qb3 {Blatny,P} g5 (13... Qd6 $6 14. Bb5 Raf8 $2 15. Bxc6 Qxc6
16. Ne5 Qd6 17. f3 Nxd2 18. Bxd2 Bh5 19. Bg5 $18 {Losev,D-Bianchi,G/Russian
Winter op 1991}) (13... Bd6 $5) (13... Rg6 $5) 14. Bb5 Qg8 15. Bxc6 Rxc6 16.
Ne5 Rb6 17. Qc2 Bh5 18. f3 Nxd2 19. Bxd2 f4 20. c4 Rd8 21. Ba5 Ra6 22. Bc3 $1
Rf6 23. Ng4 $18 {Rychagov,A-Tammela,K/Kuopio op 1991}) 13... Rb8 14. Qa4 Bd6 {
all Black pieces are very active, while White suffers from passivity and lack
of development.} (14... Rg6 {Ftacnik} 15. Bb5 Nxd2 16. Nxd2 Rb6 17. Be2 Bh3 18.
g3 (18. Bf1 $16 {Blatny,P}) 18... f4 19. Nf3 Qf8 (19... fxg3 $142 $44) 20. Qd1
Bd6 21. Bd3 Rf6 {0-1 Hahnewald,P-Riedel,F/OLWuert/1988/ (30)} (21... Rf6 22.
Ng5 $1 (22. Ne5 $2 fxg3 23. hxg3 g6 24. f4 Nxe5 25. dxe5 (25. fxe5 Rf3 26. Bf4
Rxf4 27. gxf4 Qxf4 $40) 25... Bc5+ 26. Kh2 Qh6 $1 27. f5 Rxb2+ 28. Bd2 Qh5 29.
Kh1 Bg4+ 30. Kg2 Qh3# {Hahnewald,P-Riedel,F/OLWuert 1988}) 22... fxg3 23. hxg3
Bf5 $8 24. Bxf5 Rxf5 25. Qh5 Qg8 26. Re8 Bf8 $8 27. Qe2 $18)) 15. h3 (15. Bb5 {
Ftacnik} Nxd2 16. Bxd2 Bxf3 17. Bxc6 Bxh2+ 18. Kh1 Be5 19. dxe5 Rxc6 20. gxf3
Rc4 21. Qc2 Rb6 22. e6 Rh4+ 23. Kg2 Qf6 24. Rg1 Rxe6 25. Rae1 {1-0 Berthelot,
Y-Bex,P/FRA-chT/1993/ (36)}) (15. Be2 {Ftacnik} Qe8 16. Ne5 Bxe2 17. Nxe4 dxe4
18. Qxc6 Qh5 19. Qd5 c6 20. Qa5 f4 21. Qxa7 Rbf8 {0-1 Dzhumaev,M-Balogh,T/
WchJM-U18/1994/ (31)}) 15... Bh5 (15... Nxd2 {Ftacnik} 16. Nxd2 (16. hxg4 Nxf3+
17. gxf3 fxg4 18. fxg4 Rf3 19. Qxc6 Qh4 $1 20. Re8+ Rxe8 21. Qxe8+ Rf8 22. Qe1
Qh3 23. Bf5 Bh2+ 24. Kh1 Bg3+ $11) 16... Bxh3 17. gxh3 Rg6+ 18. Kf1 Qg5 19.
Qxc6 (19. Ke2 $1 {Blatny,P} Qh5+ (19... Re8+ 20. Kd1 Qh5+ 21. Re2 (21. f3 Rxe1+
22. Kxe1 Qxh3 23. Kd1 $18) 21... Rg1+ 22. Kc2 Rxe2 23. Bxe2 Qxe2 24. Qxc6 $18)
20. Nf3 Re6+ 21. Kd2 Rbe8 22. Rxe6 Rxe6 23. Kc2 $1 $18) 19... Qg2+ 20. Ke2 Bg3
21. Qd7 Qxf2+ 22. Kd1 Qxe1+ 23. Kc2 Bf4 24. Qxf5 Bxd2 {0-1 Ernst,T-Storland,K/
Arnold Cup/1987/}) 16. Be2 Rg6 {This is more direct than} (16... Be8 17. Qc2 (
17. Bb5 $1 {Blatny,P} Be7 (17... Rb6 $142 18. Bxc6 $140 Bxc6 19. Qxa7 Qc8 $1)
18. Nxe4 fxe4 19. Bg5 $1 exf3 20. Bxf6 Rxb5 21. Bxg7+ Kxg7 22. Qxb5 Nxd4 23.
Qd3 Ne2+ 24. Kf1 fxg2+ 25. Kxe2 Bh5+ 26. f3 Qe8 27. Kd1 Qa4+ 28. b3 Qh4 29.
Rxe7+ Qxe7 30. Kd2 $18 {_|_}) 17... Rg6 {Ftacnik} 18. Nf1 Bd7 (18... Qf6 $1 $13
) 19. Ne3 Be6 20. Bf1 f4 21. Nc4 Bxh3 22. Rxe4 dxe4 23. Qxe4 Qd7 24. Nxd6 cxd6
25. Bxf4 {1-0 Sax,G-Arlandi,E/Rome/1985/ (38)}) 17. Kf1 (17. Nxe4 fxe4 $1 18.
Ng5 {is Anand's suggestion. However after} Rxg5 $1 19. Bxg5 Qxg5 20. Bxh5 Ne7
$1 (20... Rf8 {Ftacnik} 21. Rf1 (21. Qxc6 {Blatny,P} Qf4 $1 (21... Qf6 22. Kh1
Qxf2 23. Qxd5 Qf4 (23... Qg3 $2 24. Qxd6 $8 cxd6 25. Rxe4 g6 26. Bf3 $1 Rxf3 $8
27. Rg4 $1 Qf2 28. gxf3 Qxb2 $13 {_|_}) 24. g3 Qxg3 25. Re2 Qxh3+ 26. Kg1 Qg3+
27. Rg2 Qe3+ 28. Kh1 Qh3+ $11) 22. Qxd5 $1 (22. f3 $2 Qh2+ 23. Kf1 Bg3 $1 24.
Qc5 $1 (24. Qxd5 Qh1+ 25. Ke2 Qxg2+ 26. Kd1 (26. Ke3 Bf4+ 27. Kxe4 Qc2#) 26...
Bxe1) 24... Qh1+ 25. Ke2 Qxg2+ 26. Kd1 Rb8 $1 27. Qxa7 Qxb2 28. Rc1 Bf4 $19)
22... Qxf2+ 23. Kh1 $11) 21... Ne7 22. Qd1 g6 23. Bg4 h5 {0-1 Boyle-Craig,T/
ENG-ch corr/1991/ (35)}) 21. Qd1 (21. Be2 Nf5 $40) 21... g6 22. Bg4 h5 $1 23.
Bd7 Rd8 24. Bb5 Nf5 25. Qc1 Bf4 26. Qc2 Nh4 27. Bf1 Nf3+ 28. Kh1 Nxe1 29. Rxe1
h4 $44 {Black has sufficient counterplay according Ivanchuk, because the ^-
helps for the active party.}) (17. Ne5 Nxe5 18. dxe5 Qg5 19. Bf1 Nxf2 $1 20.
exd6 Nxh3+ 21. Kh1 Nf2+ 22. Kg1 Nh3+ $11 {is a nice variation with perpetual.})
17... Bf4 {Ftacnik: Black obviously has some compensation for the sacrificed
pawn. The knight on e4 is extremely unpleasant for white and the attack
against white king can not be underestimated.} (17... Nxd2+ {Ftacnik} 18. Nxd2
Bxe2+ 19. Rxe2 Qd7 20. Nf3 $16) (17... Rb6 {Ftacnik} 18. Bb5 Ne7 19. Ne5 Bxe5
20. Nxe4 fxe4 21. dxe5 $16) (17... Nxf2 {Ftacnik} 18. Qxc6 Bg3 19. Qa4 $16) 18.
Nb3 Bxc1 (18... Qd6 $5 {Ftacnik} 19. Bd1 $1 (19. Bb5 Bxf3 20. gxf3 Nxf2 21.
Bxc6 Nxh3 $17) (19. Bxf4 Qxf4 20. Bd1 Nxf2 21. Kxf2 Qg3+ 22. Ke3 Re8+ $15) (19.
Nh4 Bxe2+ 20. Rxe2 Bxc1 (20... Rf6 {Blatny,P} 21. Nf3 $18) 21. Nxg6+ hxg6 22.
Rxc1 Qh2 23. Rxe4 fxe4 24. Qxc6 Rxb3 $1 $14) 19... Bxc1 20. Rxc1 Nxf2 21. Ne5
Nxe5 22. Bxh5 Qa6+ 23. Qxa6 Rxa6 24. Rxe5 $18) 19. Raxc1 Qd6 20. Rc2 $6 {
This slow move is too sophisticated and midgt have caused some headache for
White later in the game.} ({The straightforward} 20. Nh4 {is met by a nice
exchange sacrifice in order to continue the ->:} Qf4 $1 21. Nxg6+ hxg6 22. f3
Ne5 $3 {This move is based on the vertical motif, which can frequently be
overseen during a practical game!} 23. Qxa7 $1 (23. dxe5 $4 Ng3+) 23... Nxf3 $1
{Black is not afraid of sacrificing the entire board!} 24. Qxb8+ Kh7 25. Bxf3
Bxf3 26. Rxe4 $1 Bxe4+ 27. Ke2 Qg3 28. Rg1 Qd3+ 29. Kf2 f4 30. Nc5 Qd2+ 31. Kf1
Qd1+ 32. Kf2 Qd2+ $11 {with perpetual checks again.}) 20... Qf4 (20... Nxf2 {
Ftacnik} 21. Ne5 $1 (21. Kxf2 Qg3+ 22. Ke3 Bxf3 $19) (21. Nh4 {Blatny,P}) 21...
Nxe5 22. Bxh5 Ne4 23. Bxg6 Nxg6 24. Qxa7 $18) (20... Bxf3 $5 {Ftacnik} 21. Bxf3
Qh2 22. Ke2 Re8 23. Kd1 Rge6 24. Rf1 $14) 21. Bd1 Re8 (21... Re6 $5 {Ftacnik}
22. g3 (22. Be2 Bxf3 23. Bxf3 Qh2 24. g3 Rbe8 25. Ree2 Qxh3+ 26. Bg2 Qg4 $11)
22... Qh6 23. Ng1 Bxd1 24. Rxd1 f4 25. Nc5 Nxc5 26. dxc5 $14) (21... Bxf3 $142
{Blatny,P} 22. Bxf3 Re8 {/\Qh2~~}) 22. Nbd2 (22. Nc5 $2 {is inferior because
of the penetration after} Bxf3 23. Bxf3 Qh2) 22... Rge6 {Ftacnik: The pressure
becomes very dangerous, white is forced to simplify by changing the knight on
e4.} (22... Ng3+ $5 {Ftacnik} 23. fxg3 Rxe1+ 24. Kxe1 Qxg3+ 25. Ke2 Qxg2+ 26.
Kd3 f4 (26... Qxh3 {Blatny,P} 27. Rc1 $18) 27. Rc1 $1 (27. c4 Re6 28. cxd5 $1
Bg6+ 29. Kc4 $18) 27... Qxh3 28. Kc2 $16) (22... Nxd2+ {Ftacnik} 23. Rxd2 (23.
Nxd2 $2 Rxe1+ 24. Kxe1 Re6+ 25. Kf1 Qh2 $19) 23... Rxe1+ 24. Kxe1 h6 25. Rd3 $1
(25. Qb5 Rxg2 $13) 25... Qc1 26. Kf1 $14) 23. Nxe4 fxe4 (23... Bxf3 $1 {Ftacnik
} 24. Bxf3 (24. gxf3 Qh2 $17) (24. g3 $4 Rxe4 $1 $19) 24... Qh2 $1 25. g3 (25.
Re3 f4 $17 (25... Qh1+ 26. Ke2 fxe4 27. Bg4 Rf6 $40)) 25... Qxh3+ 26. Bg2 Qh5 (
26... Qh6 27. Qb5 $18) 27. f3 (27. Rce2 $1 {Blatny,P} fxe4 28. Qb5 $1 Rh6 29.
Qc5 $14 {[%csl Rc6,Rd5,Re4,Gg2][%cal Gc3c4,Gc4d5] _|_}) (27. g4 $5 Qxg4 (27...
fxg4 28. Rce2 dxe4 29. Rxe4 Rxe4 30. Rxe4 Rxe4 31. Bxe4 Ne7 32. Qxa7 $18 {_|_})
28. c4 $1 Qh5 $3 (28... Nxd4 $2 29. cxd5 Nxc2 30. dxe6 $18) (28... Rxe4 29.
Bxe4 dxe4 30. Rc3 $16) 29. cxd5 $140 Rxe4 30. Bxe4 (30. Rxe4 $4 Qd1+) (30. Rcc1
Nxd4 31. Rxe4 Rxe4 32. Qxa7 (32. Bxe4 $2 Qe2+ 33. Kg1 Qg4+ $1 34. Kf1 Qxe4 $19)
32... Qe2+ 33. Kg1 h6 $1 34. Bxe4 Qxe4 $40) 30... Rxe4 31. Rxe4 $8 Qh1+ 32. Ke2
Qxe4+ 33. Kd2 Nxd4 34. Rxc7 $1 h6 $1 $13 {_|_} (34... h5 35. Rc8+ Kh7 36. Qe8
$18) 35. Rc8+ $140 Kh7 36. Qe8 Nf3+ 37. Kc1 Qxd5 $13) 27... fxe4 28. fxe4 dxe4
$13) (23... dxe4 {Ftacnik} 24. g3 Qh6 25. d5 Rd6 26. Ng1 (26. dxc6 $2 exf3 27.
Rxe8+ Bxe8 28. Bxf3 Qxh3+ $17) 26... Bxd1 27. Rxd1 Red8 28. c4 $14) 24. g3 Qf5
25. Ng1 (25. g4 {Ftacnik} exf3 26. Rxe6 Qd3+ $19) 25... Bxd1 26. Rxd1 e3 $2
$138 {In time trouble Black loses the control.} (26... h5 $1 $17 {gave Black a
dangerus -> on the >> with more than enough compensation for the sacrificed P.}
) 27. Kg2 Qe4+ {Ftacnik: Shirov loses a crucial tempo and Ivanchuk will now be
able to defend all weaknesses on time.} ({Again} 27... Rg6 $1 {was the correct
way to keep the tension.}) (27... e2 {Ftacnik} 28. Re1 Qe4+ 29. f3 Qd3 30. Rcc1
$18 (30. Rcc1 {Blatny,P} Kg8 31. Qc2 $18)) (27... exf2 {Ftacnik} 28. Rxf2 Qe4+
29. Nf3 $18) (27... Rf8 $1 {Ftacnik} 28. f3 Ne7 $132) 28. f3 Qf5 29. Re2 {
The o^ e is blockaded and it is not easy for Black to open up the position
against the white K.} Rg6 30. Rde1 Qf4 (30... Qd3 {Ftacnik} 31. Qc2 $18) (30...
Qg5 {Ftacnik} 31. g4 h5 32. Qb5 Rf6 (32... hxg4 {Blatny,P} 33. fxg4 (33. hxg4
$2 Re4 $1 34. Rf1 Rh6 $1 $19) 33... Re4 34. Rf1 $1 $18 Rxg4+ 35. hxg4 Qxg4+ 36.
Kh1 Qe4+ 37. Nf3 (37. Rf3 Rxg1+ 38. Kxg1 Qxf3 39. Rg2 $18) 37... Rh6+ 38. Kg1
Rg6+ 39. Rg2 e2 40. Re1 Qe3+ 41. Kh1 Qxf3 42. Qxe2 Rh6+ 43. Kg1 Qh3 44. Rh2
Qg3+ 45. Kh1 $18) 33. f4 $1 Qxf4 34. Qxd5 $18) 31. g4 h5 32. Qb5 hxg4 (32...
Ree6 $1 {was the persistant defence, although after} 33. Qxd5 hxg4 34. hxg4
Rxg4+ 35. fxg4 Qxg4+ 36. Kh1 Rh6+ 37. Rh2 Rxh2+ 38. Kxh2 Qh4+ 39. Nh3 Qxe1 40.
Qh5+ $1 Kg8 41. Qe8+ Kh7 42. Qxc6 $16 {the _|_ clearly favours White.}) 33.
hxg4 Rh6 (33... Rxg4+ {Ftacnik} 34. fxg4 Qxg4+ 35. Kh1 Qe4+ 36. Rg2 Re6 37. Nh3
Rh6 38. Kg1 $18) (33... Rd6 {Ftacnik} 34. Qd3 Rde6 35. Nh3 Qh6 36. g5 $18) 34.
Qxd5 Ne7 (34... Rh2+ {Ftacnik} 35. Kf1 Rh6 36. Qc5 Nb8 37. d5 Nd7 38. Qb4 $18)
35. Qe5 {_|_ Ftacnik: Prolonging the game in a completely winning position.} (
35. Qe4 $18 {Ftacnik}) (35. Qd7 $18 {Blatny,P}) 35... Qxe5 (35... Rh2+ {Ftacnik
} 36. Kf1 Qxe5 37. dxe5 Rxe2 38. Rxe2 Nd5 39. c4 (39. f4 g5 40. c4 Nxf4 41.
Rxe3 $18) 39... Nb6 40. Rxe3 Nxc4 41. Rc3 Nxb2 42. Rxc7 Rxe5 43. Rxa7 $18) 36.
dxe5 $18 {Now the game is over, the rest is a matter of technique.} Nd5 37. Kg3
Rc6 (37... Rxe5 38. c4 $18 (38. c4 {Ftacnik} Nb6 39. b3 Rhe6 40. f4 Re4 41. Kf3
Rd4 42. Rxe3 $18)) 38. Nh3 (38. f4 {Ftacnik} g5 39. Nh3 gxf4+ 40. Nxf4 Rxe5 41.
Nxd5 Rxd5 42. Rxe3 $18) 38... Rxe5 39. Nf4 {Black's last hope, the e o^ will
fall soon.} Nxf4 (39... Ne7 {Ftacnik} 40. Rxe3 $18) (39... Ra6 {Ftacnik} 40. a3
Nxf4 41. Kxf4 Rae6 42. g5 $1 (42. Rxe3 $4 g5+ $19) 42... Rb5 43. Rxe3 Rxe3 44.
Rxe3 Rxb2 45. Re7 $18) 40. Kxf4 Ra5 (40... Rce6 {Ftacnik} 41. g5 $1) 41. a3 Rb5
42. Kxe3 Rcb6 43. b4 Ra6 (43... a5 {Ftacnik} 44. Kd4 $18) 44. Ra1 c5 (44...
Re5+ {Ftacnik} 45. Kf2 $18) 45. Rb2 cxb4 46. Rxb4 (46. cxb4 $18 {Ftacnik})
46... Rba5 (46... Rxb4 {Ftacnik} 47. cxb4 $18) 47. a4 Rc5 48. Ra3 (48. Ra3 {
Ftacnik} Rac6 49. Kd3 $18) 1-0

[Event "Dortmund SuperGM 26th"]
[Site "Dortmund"]
[Date "1998.06.29"]
[Round "4"]
[White "Leko, Peter"]
[Black "Jussupow, Artur"]
[Result "1-0"]
[WhiteElo "2670"]
[BlackElo "2630"]
[Annotator "Lukacs,P"]
[PlyCount "135"]
[EventDate "1998.06.26"]
[EventType "tourn"]
[EventRounds "9"]
[EventCountry "GER"]
[EventCategory "18"]
[SourceTitle "CBM 066"]
[Source "ChessBase"]
[SourceDate "1998.09.30"]
[SourceVersion "1"]
[SourceVersionDate "1998.09.30"]
[SourceQuality "1"]

1. e4 e5 2. Nf3 Nf6 3. Nxe5 d6 4. Nf3 Nxe4 5. d4 d5 6. Bd3 Nc6 7. O-O Be7 8.
Re1 Bg4 9. c3 f5 10. Nbd2 Qd6 (10... O-O 11. Qb3 {see Ivanchuk-Shirov here in
CBM 66.}) 11. c4 (11. Nf1 {with slow play White cannot fight against the
well-centralized black pieces:} O-O-O 12. Ne3 h5 13. h3 g6 14. Be2 (14. hxg4 $2
{unnecessarily opens the h <-> against his own K.} hxg4) 14... Bxf3 15. Bxf3
Bh4 16. Re2 Ne7 17. Nf1 Bf6 $13 {and the N on e4 is very well posted,
Adams-Makarichev, Oviedo rapid 1992}) (11. Qc2 O-O 12. b4 Bf6 13. a4 Rae8 14.
Ba3 Qf4 15. b5 Ne7 16. Bc1 Qd6 17. Ba3 $11 {Lau-Yusupov, Skien 1979}) 11... O-O
$2 {This light-hearted move cost dearly for Black.} (11... Nxd2 $1 {causes
more problems for White, for example:} 12. Bxd2 O-O-O (12... dxc4 13. Bxc4
O-O-O 14. Bc3 (14. d5 Nd4 15. Bc3 Nxf3+ 16. gxf3 Bh3 17. Re6 Qxe6 18. dxe6
Rxd1+ 19. Rxd1 $14 {leads to a somewhat better _|_ for White because of the
dangerous e o^.}) 14... Bf6 15. Rc1 (15. d5 Ne5) 15... Qf4 16. Bd2 Bxf3 17.
Bxf4 Bxd1 18. Be6+ Kb8 19. d5 g5 {The fight is rather complicated here because
of the many intermediate moves!} 20. Rcxd1 Ne7 21. Be3 $14 {P.Blatny-Schulte,
Oakham 1986}) 13. Bc3 Bf6 {is worthy of attention here with some pressure on
>< d4.}) (11... Nxd4 12. cxd5 (12. Qa4+ {is met by} b5 $1 13. cxb5 Nxf3+ 14.
Nxf3 Nc5 15. Qd4 Bxf3 16. gxf3 Nxd3 17. Qxd3 O-O {and Black escapes.}) 12...
O-O $1 {- 11...0-0} (12... Nxd2 13. Qa4+ $1)) (11... O-O-O {is already
inferior here:} 12. cxd5 Nxd4 13. Nxe4 fxe4 14. Bxe4 Nxf3+ 15. gxf3 $1 (15.
Bxf3 Bxf3 16. Qxf3 Qxd5) 15... Bh3 16. Be3 $16) 12. cxd5 Nxd4 (12... Nxd2 13.
dxc6 Nxf3+ 14. gxf3 Bh3 15. Bc4+ Kh8 16. Re6 $16) 13. Bxe4 fxe4 14. Nxe4 Bxf3 (
14... Nxf3+ $2 15. gxf3 Bxf3 16. Nxd6 Bxd1 17. Nc4 $18 {with double attack.}) (
14... Qxd5 $2 15. Qxd4 $18) 15. Qxd4 Qb4 (15... Bxe4 16. Qxe4 $18) (15... Qg6
16. Ng3 Bf6 17. Qc4 $18) 16. Qxb4 Bxb4 17. Re3 Bh5 (17... Bxe4 18. Rxe4 Bc5 19.
Be3 Bxe3 20. Rxe3 Rad8 21. Re5 {and White is a P up without any compensation
for Black.}) 18. Rb3 Ba5 (18... a5 19. Be3) 19. Be3 (19. Rxb7 $2 {falls into}
Rae8 20. f3 Bb6+ 21. Kh1 Rxe4 $19) 19... Bf7 20. Ng5 {White has to eliminate
Black's ^^, which may cause technical problems in the _|_.} Bb6 (20... Bxd5 $2
21. Rb5) 21. Nxf7 Rxf7 22. Bxb6 axb6 23. d6 $1 cxd6 24. Rxb6 $18 {Rook
endgames have their drawish tendencies, therefore it is a good practical
chance steering towards these types of _|_. However, here White's P structure
is without any weakness. Black's d o^ is not dangerous at all. The b P is also
weak.} Rc7 25. Kf1 {In the _|_ the K has to come immediately!} Ra6 26. Rb4 $1 {
White doesn't want to exchange his active R attacking the weak b P.} Kf7 27. a3
d5 28. Rd1 Ke6 29. Rb5 Rd6 30. Ke2 {The K blockades the d o^ and the squares
where the black R can penetrate.} Ke5 31. Kd3 {No more threats of penetration
on c2 and e2.} Rdc6 32. Ke3 Rc5 33. Rxc5 {Now White can exchange his R,
because his K covers all the important squares.} Rxc5 34. Kd3 Rc4 35. Re1+ {
The black K has to retreat and now the white R comes deeply into the black
camp.} Kd6 36. Re8 Rf4 37. f3 Rh4 38. h3 b6 39. Rb8 Kc5 40. Rc8+ Kd6 41. Rf8 {
/\ Rf7 provoking additional weaknesses in the black P structure.} g5 (41... Ke6
$2 42. Rb8) 42. Rf6+ Kc5 43. b4+ Kb5 44. Rf5 Ka4 45. Rxg5 Kxa3 46. Rxd5 Rxb4
47. Rh5 {Finally White will have three connected o^ against one. This is too
much for Black.} Rb3+ 48. Ke4 Rb4+ 49. Ke3 Rb3+ 50. Kf4 Rb4+ 51. Kg3 {The
white K couls escape from the checks.} b5 52. h4 $1 {The R on the fifth rank
still attacks b5 P.} Rb1 53. Rxh7 b4 54. Ra7+ Kb2 55. Kf4 Rh1 56. Kg5 b3 57. h5
Kc3 58. Rc7+ Kd4 59. Rb7 Kc3 60. h6 b2 61. g4 b1=Q 62. Rxb1 Rxb1 63. h7 Rb8 64.
Kf6 Rb6+ 65. Kg7 Rb7+ 66. Kh6 Rb6+ 67. Kh5 Rb8 68. g5 1-0

[Event "ARG-ch"]
[Site "Buenos Aires"]
[Date "1998.04.28"]
[Round "12"]
[White "Giaccio, Alfredo Gustavo"]
[Black "Ginzburg, Maximiliano"]
[Result "1/2-1/2"]
[WhiteElo "2460"]
[BlackElo "2470"]
[Annotator "Lukacs,P"]
[PlyCount "85"]
[EventDate "1998.04.15"]
[EventType "tourn"]
[EventRounds "15"]
[EventCountry "ARG"]
[EventCategory "9"]
[SourceTitle "CBM 065"]
[Source "ChessBase"]
[SourceDate "1998.08.06"]
[SourceVersion "1"]
[SourceVersionDate "1998.08.06"]
[SourceQuality "1"]

1. e4 e5 2. Nf3 Nf6 3. Nxe5 d6 4. Nf3 Nxe4 5. d4 d5 6. Bd3 Bd6 7. O-O O-O 8. c4
c6 9. Qc2 Na6 10. a3 Bg4 (10... f5) (10... Re8 $5 11. Nc3 Bg4 {
(Ehlvest-Dokhoian, SU 1996)} 12. Nxe4 dxe4 13. Bxe4 f5 14. Bxf5 Bxf3 15. gxf3
Qh4 $44 {Dohojan}) 11. Ne5 (11. c5 Bc7 12. Ne5 Bxe5 13. dxe5 Nexc5 14. Bxh7+
Kh8 15. b4 Qh4 16. Bd3 Nxd3 17. Qxd3 Nc7 18. h3 Bh5 19. f4 {(Timman-Salov,
Saint John (m/4) 1988)} f6 $5 20. Bb2 fxe5 21. Bxe5 Ne6 $13 {Salov}) 11... Bxe5
(11... Bh5 $6 12. cxd5 cxd5 13. Bxe4 dxe4 14. Qxe4 Re8 15. Bf4 Nc7 {Timoshenko
G.-Makarichev, Moscow 1990} 16. Qxb7 $16 {Yusupov}) 12. dxe5 Nac5 13. f3 {
The is the only possible try to fight for an advantage.} (13. b4 $6 {weakens
the << and Black has a fine game after that.} Nxd3 14. Qxd3 Bf5 15. cxd5 cxd5 (
15... Qxd5 $11) 16. Qd4 Rc8 {Black has a stron pressure on the c <->.} 17. f3
Ng5 18. Bxg5 Qxg5 19. Nd2 h5 $1 $15 {Hazai-E.Vladimirov, Rotterdam EU Cup 1988}
) (13. cxd5 {is an attempt to solve the problems quickly making a draw.} Qxd5
14. Bxe4 Nxe4 15. Nc3 Nxc3 16. Qxc3 Rfe8 $11 {1/2:1/2 Ljubojevic-Akopian,
Linares 1995}) 13... Nxd3 14. Qxd3 Nc5 15. Qd4 Nb3 16. Qxg4 Nxa1 17. Bh6 g6 (
17... Qb6+ 18. Kh1 g6 19. Qf4 $1 $14) 18. cxd5 {This exchange sacrifice is
really interesting in order to maintain the |^.} (18. Bxf8 {is complicated
after} Qxf8 19. cxd5 Nc2 $1 $13 (19... cxd5 20. Qd4 (20. Rc1 $14) 20... Nc2 21.
Qf2 Rc8 22. Qxa7 d4 $1 $44 {Ljubojevic-Hort, Amsterdam 1988})) 18... Qxd5 (
18... cxd5 19. Nc3 Nb3 20. Bxf8 $14) 19. Nc3 Qc5+ 20. Kh1 Nb3 {[#]} (20... Nc2
$5 21. Qe4 Nxa3 $13 {deserves serious attention according Gipslis.}) 21. Qf4 {
is the agressive plan to fight for activity sacrificing the exchange again.} (
21. Bxf8 Kxf8 $5 {is the last chance here.} (21... Rxf8 22. Qf4 $1 Rd8 (22...
Re8 23. Ne4 $1 Qxe5 24. Nf6+ Kh8 25. Qh4 $16) 23. Ne4 $1 Qb5 24. Rg1 $1 Rd4 25.
e6 $1 $18 {Gipslis-Giertz,Biel open 1996})) 21... Rfe8 22. Ne4 Qxe5 23. Nf6+
Kh8 24. Qh4 Re6 {[#]} 25. Bd2 $1 (25. Bg5 {is not precise due to} h5 26. g4 $6
Qe2 $1) 25... Qxf6 $1 {It is better to sacrifice a Q, than getting mated.} (
25... h5 $2 26. Bc3 Qe2 27. Rg1 $18) 26. Bc3 Qxc3 27. bxc3 b6 {Now Black has a
R,N and a P for the Q, and it is not easy to break the blockade.} 28. Re1 Rae8
29. Rxe6 Rxe6 30. h3 c5 31. Qa4 Na5 32. Qd7 Kg7 33. Qxa7 h5 34. Kh2 (34. Qa6 $1
$14 {/\ g4 hindering the activization of the N.}) 34... Nc4 $1 {The N comes to
the >> with a great effect.} 35. Qa6 Ne3 36. g4 h4 37. Qd3 g5 38. Kg1 b5 $6 {
Unnecessarily weakens the P structure on the <<.} (38... c4 39. Qd4+ Kg6) 39.
Kf2 ({and not} 39. Qxb5 Nd5 40. Qxc5 {because of} Nf4 $132) 39... Nc4 $2 (39...
c4 40. Qd4+ Kg6 41. f4 gxf4 42. Kf3) 40. a4 $2 {Overlooking Black's response.}
(40. Qd5 Re5 41. Qc6 Nxa3 42. Qc7 $14) 40... Rd6 $1 41. Qf5 Rd2+ 42. Ke1 {[#]}
Rd1+ $1 43. Ke2 1/2-1/2